Flora of west bengal / (Record no. 140428)

MARC details
000 -LEADER
fixed length control field 00754nam a22002057a 4500
005 - DATE AND TIME OF LATEST TRANSACTION
control field 20170525113916.0
010 ## - LCCN (DPL NO)
LC control number ENG-118396
020 ## - INTERNATIONAL STANDARD BOOK NUMBER
International Standard Book Number 8181770757
Terms of availability 872.00
020 ## - INTERNATIONAL STANDARD BOOK NUMBER
International Standard Book Number 9788181770752
Terms of availability 872.00
035 ## - SYSTEM CONTROL NUMBER
System control number EN-101928
037 ## - SOURCE OF ACQUISITION
Source of stock number/acquisition DBAD/PUB
082 ## - DEWEY DECIMAL CLASSIFICATION NUMBER
Classification number 581.95452
245 ## - TITLE STATEMENT
Title Flora of west bengal /
Statement of responsibility, etc Edited by Vinay Ranjan, P. Lakshminarasimhan, S.S Dash and H.J.Chowdhery
260 ## - PUBLICATION, DISTRIBUTION, ETC. (IMPRINT)
Place of publication, distribution, etc Kolkata
Name of publisher, distributor, etc Botanical Survey Of India
Date of publication, distribution, etc 2016
270 ## - ADDRESS
Address CGO Complex, 3rd MSO Building Block-F, 5th & 6th Floor, DF Block, Sector-I, sALT lake City Kolkata-700064
300 ## - PHYSICAL DESCRIPTION
Extent 58,493p (Coloured Photo)
Dimensions 24cm.(Hb)
490 ## - SERIES STATEMENT
Series statement Flora Of India; Series-2
505 ## - FORMATTED CONTENTS NOTE
Formatted contents note Apiaceae-Boraginaceae; V-III
942 ## - ADDED ENTRY ELEMENTS (KOHA)
Source of classification or shelving scheme Dewey Decimal Classification
Item type English Books
Classification part 581.95452
Call number suffix FLO
Holdings
Withdrawn status Lost status Not for loan Collection code Home library Current library Date acquired Source of acquisition Cost, normal purchase price Full call number Barcode Copy number Cost, replacement price Koha item type
    Not For Loan Non-fiction D.B.Act.Division Bawana 25/05/2017 DBAD/PUB 872.00 581.95452 FLO EN-101928 1 872.00 English Books

© Delhi Public Library
Hit Counter
free hit counter